000 00681nam a2200229 a 4500
001 BRCA_2331
005 20190320203749.0
008 950727s1995 sp-a---##b---#000-0#spa-#
020 _a8420671312
040 _aDLC
_cDLC
050 4 _aND669.F5
_b.A93 1995
100 1 _aAyala Mallory, Nina A.
_97007
245 1 0 _aLa pintura flamenca del siglo XVII
_cNina Ayala Mallory.
260 _aMadrid
_bAlianza
_c1995
300 _a350 p.
_bil.
_c23 cm.
440 0 _aAlianza forma
_v131
_91443
500 _aIncluye relación de ilustraciones
504 _aBibliografía: p. [337]-342
650 1 4 _aPintura flamenca
_97008
650 1 4 _aPintura barroca
_zFlandes
_97009
942 _2lcc
_cB
999 _c2076
_d2076